<?xml version="1.0" encoding="UTF-8"?><?xml-stylesheet type="text/xsl" href="static/style.xsl"?><OAI-PMH xmlns="http://www.openarchives.org/OAI/2.0/" xmlns:xsi="http://www.w3.org/2001/XMLSchema-instance" xsi:schemaLocation="http://www.openarchives.org/OAI/2.0/ http://www.openarchives.org/OAI/2.0/OAI-PMH.xsd"><responseDate>2026-06-03T04:48:23Z</responseDate><request verb="GetRecord" identifier="oai:riuma.uma.es:10630/30176" metadataPrefix="marc">https://riuma.uma.es/rest/oai/request</request><GetRecord><record><header><identifier>oai:riuma.uma.es:10630/30176</identifier><datestamp>2026-02-03T11:44:21Z</datestamp><setSpec>com_10630_2254</setSpec><setSpec>col_10630_37956</setSpec></header><metadata><record xmlns="http://www.loc.gov/MARC21/slim" xmlns:dcterms="http://purl.org/dc/terms/" xmlns:doc="http://www.lyncode.com/xoai" xmlns:xsi="http://www.w3.org/2001/XMLSchema-instance" xsi:schemaLocation="http://www.loc.gov/MARC21/slim http://www.loc.gov/standards/marcxml/schema/MARC21slim.xsd">
   <leader>00925njm 22002777a 4500</leader>
   <datafield ind2=" " ind1=" " tag="042">
      <subfield code="a">dc</subfield>
   </datafield>
   <datafield ind2=" " ind1=" " tag="720">
      <subfield code="a">Toscano-Méndez, Manuel</subfield>
      <subfield code="e">author</subfield>
   </datafield>
   <datafield ind2=" " ind1=" " tag="260">
      <subfield code="c">2020</subfield>
   </datafield>
   <datafield ind2=" " ind1=" " tag="520">
      <subfield code="a">Las discusiones sobre la privacidad suscitan dos problemas filosóficos&#xd;
fundamentales. En primer lugar, la cuestión conceptual: qué es la privacidad o en&#xd;
qué consiste. Una de las quejas más repetidas en la literatura al respecto es que no&#xd;
tenemos una idea clara de lo que es. Y, en segundo lugar, la pregunta moral acerca&#xd;
de su importancia o por qué es valiosa. En este trabajo me gustaría centrarme en su&#xd;
importancia, pero ello requiere alguna clarificación previa del concepto en el primer&#xd;
epígrafe. Allí repasaré brevemente la confusión en cuanto al uso de las palabras “intimidad”&#xd;
y “privacidad”, explicaré después la primera formulación del derecho a la&#xd;
privacidad y la clase de daño a la que respondía, señalando además la complejidad&#xd;
interna del concepto. En la segunda parte, presentaré un argumento popular que se&#xd;
utiliza contra los defensores de la privacidad, según el cual ésta sólo importaría a&#xd;
quien tiene algo ilícito o vergonzoso que esconder. En la parte final, sostendré que&#xd;
tal argumento nos extravía a la hora de considerar el valor de la privacidad, pues&#xd;
cierto grado de ocultamiento y reserva, es decir, de control sobre lo que mostramos&#xd;
o exponemos a otros, es un elemento crucial de la vida humana y del trato social.</subfield>
   </datafield>
   <datafield ind1="8" ind2=" " tag="024">
      <subfield code="a">Toscano-Méndez, Manuel. No tengo nada que ocultar. Consideraciones sobre el valor de la privacidad. Olga Fuentes et alii (eds.), Era Digital, Sociedad y Derecho. Valencia: Tirant LO Blanch, 2020</subfield>
   </datafield>
   <datafield ind1="8" ind2=" " tag="024">
      <subfield code="a">9788413369464</subfield>
   </datafield>
   <datafield ind1="8" ind2=" " tag="024">
      <subfield code="a">https://hdl.handle.net/10630/30176</subfield>
   </datafield>
   <datafield tag="653" ind2=" " ind1=" ">
      <subfield code="a">Derecho a la intimidad</subfield>
   </datafield>
   <datafield ind2="0" ind1="0" tag="245">
      <subfield code="a">No tengo nada que ocultar. Consideraciones sobre el valor de la privacidad</subfield>
   </datafield>
</record>
</metadata></record></GetRecord></OAI-PMH>